000 00415nam a2200181Ia 4500
001 13161
005 20260306163033.0
008 260306t2010||||xx |||||||||||||| ||spa||
041 _aESP
082 _a001.4
_bA34
100 _aAlayza, Cristina
_eAUT
245 0 _aIniciarse en la investigación académica
260 _c2010
300 _a
_c
650 _aGEN
654 _aCHU
942 _cLIB
_dJUS
_fJUS
_2ddc
_n
999 _c13161
_d13161